000 00469nam a2200193Ia 4500
003 LK-CoDNM
005 20240731141721.0
008 010623t1855 xxu||||| |||| 00| 1 eng d
040 _aLK-CoDNM
_dLK-CoDNM
_eLK-CoDNM
041 _aeng
080 _a8
_bJ12
100 _aThomson,J.Cockburn.
245 _aThe Bhagavad Gita
260 _bStephen Austin
_aHertford
_c1855
300 _bcxxxviii, 158p ; 21 cm
650 _aArjuna
650 _aKrishna
942 _cBK
999 _c81388
_d81388